000 00727nam a2200205 i 4500
001 185709
003 ES-MaACL
005 20250802063123.0
008 160804s1876 gw |||| | eng d
100 1 _aCharles, Elizabeth Rundle,
_d1828-1896
_9156042
245 1 4 _aThe Bertram family /
_cby the author of "Chronicles of the Schönberg- Cotta family".
260 _aLeipzig :
_bBernhard Tauchnitz,
_c[1876]
300 _a1 vol. ;
_c16 cm.
490 1 _aCollection of British Authors ;
_v1603-4
594 _aEl encabezamiento tomado del Brit. Mus. Catal.
597 _a2 t. en un 1 vol.
830 0 _aCollection of British Authors ;
_v1603-4
_9180703
852 _aES-MaACL
_jG-13108
999 _c185709
_d185709